3 Num Oito (Registo nº 199300)
[ vista simples ]
| 000 -Etiqueta do registo | |
|---|---|
| Valores | 00584nam 22002053 4500 |
| 010 ## - Número ISBN | |
| ISBN | 972-9223-86-6 |
| 021 ## - Número do Depósito Legal | |
| Número | 115715/97 |
| 100 ## - Dados gerais de processamento | |
| Dados gerais | 20251127d u||y0pory50 ba |
| 200 ## - Titulo e menção de responsabilidade | |
| Título próprio | 3 Num Oito |
| Primeira menção de responsabilidade | António Torrado |
| Outras menções de responsabilidade | desenhos de José Abrantes |
| 210 ## - Publicação | |
| Local de publicação | Lisboa |
| Nome do editor | Instituto do Consumidor |
| Data de publicação | 1997 |
| 215 ## - Descrição física | |
| Paginação / Volumes | 26, [2] p. |
| Outras indicações físicas | brochado |
| Dimensões | 21 cm |
| 606 ## - Nome comum usado como assunto | |
| ID Autoridade | 1586 |
| Palavra de ordem | Desenho Artístico |
| 610 ## - Termos não controlados | |
| Palavra de ordem | Banda Desenhada |
| 675 ## - CDU | |
| Notação | 74-93 |
| Edição | PT |
| Língua | por |
| 700 ## - Autor principal (pessoa individual) | |
| ID Autoridade | 1057 |
| Apelido | Torrado |
| Nome | António |
| Datas | 1939-2021 |
| 801 ## - Fonte de origem | |
| País | PT |
| Agência | BMMN |
| Regras de catalogação | RPC |
| 830 ## - Notas gerais do catalogador | |
| Criado por | Ana Caetano |
| 990 ## - Elementos KOHA | |
| Tipo de documento | Livro |
| Situação do levantamento | Biblioteca de origem | Código de barras | Cota | Permissão de empréstimo | Tipo de documento | Forma de aquisição |
|---|---|---|---|---|---|---|
| Biblioteca Escola São João de Deus | 28133 | 821.134.3-93 TOR | Livro | Oferta |